02580cam a22005054i 4500003000900000005001700009008004100026020001800067035002000085040003300105049000900138082001800147245009800165264002800263300005600291336002100347337002500368338002300393490006000416504004800476504003300524505087200557526001001429526001001439526001001449526001001459526000801469526000801477526000801485526000801493526000801501526000801509526000801517650001401525650001301539700003901552700003901591910002801630942001401658994001401672596000601686999015801692980005501850952016901905PE-LiUPU20250731173053.0150706s2014 en a rb 000 0 eng d a9789004255272 a(Sirsi) a241445 aPE-LiUPUbspacPE-LiUPUerda aPRUA04a274.3bT422202aA companion to the reformation in Central Europe /cedited by Howard Louthan, Graeme Murdock. 1aLeiden :bBrill,c2014. a484 páginas :bilustraciones ;c24 centímetros. atext2rdacontent aunmediated2rdamedia avolume2rdacarrier0 aBrill´s Commpanions to the Crhristian Tradition ; v61 aBibliografia :después de cada cápitulo. aÍndice :páginas 475-484.0 aThe lands of the Bohemian Crown: conflict, coexistence, and the quest for the true church -- The polish-lithuanian commonwealth -- The Austrian Lands -- The kingdom of Hungary and principality of Transylvania -- Reform before reform? Religious currents in Central Europe -- Protestant reformers: Johannes Honterus, Primus truber, and Johannes a Lasco -- Antitrinitarianism -- Catholic reformers: Stanislas Hosius, Melchior Khalesl, and Péter Pázmány -- Orthodox reform in the Polish-Lithuanian commonwealth -- Communities and communication -- Social and moral discipline -- The town and the reformation as an event -- Nobles: between religious compromise and revolt -- The monarch and court in the Habsburg Land -- Education: the polish - lithuanian commonwealth -- Bibles and books: Bohemia and Hungary -- Visual cultures -- Tolerance and intolerance -- Index. aSEG42 aSEG41 aSEG40 aSEG39 aP94 aP87 aP86 aP85 aP77 aP76 aP3504aReformas.04aReforms.1 aLouthan, Howard,d1963- ,eeditor.1 aMurdock, Graeme,d1970- ,eeditor. adbmbwmmcwmmd20180307 2ddccBOOK aC0bPEPRU a1 a274.3 T4wDEWEYc27072i78357f2021-11-11g3lCCODEBUL1mBULp35.00r1sYtBOOKu2018-3-7xTEOLOGIAPP350DONACIONo.STAFF. Colección Teologíad27072 81gALBERTO SANCHEZ Responsable de Automatización r2025-12-02 00:00:00i4l0o274.3 T4p78357te1v40.00w2018-03-07xFTyBKzinventario-2023-12-13102ddc50708GENfP35aBULbBULcGENd2018-03-07eDONACIONg35.00